000 00506nam a2200181Ia 4500
005 20250326124025.0
008 250326s9999 xx 000 0 und d
037 _aTextbook
040 _aFMSL
_beng
_cFMSL
041 _aeng
_2eng
084 _aXogB28 K5;L3;2
_qFMSL
100 _aKlein L R
245 0 _aIntroduction to econometrics
_cKlein L R
260 _aNew Delhi
_bNew Delhi, Prentice-Hall
_c1973
300 _a280p
942 _cTB
_hXogB28 K5;L3;2
999 _c1271938
_d1271938